[Event "Blitz Open"]
[Site "?"]
[Date "2018.08.03"]
[Round "7.11"]
[White "Darini, Pouria"]
[Black "Nguyen, Anh Khoi"]
[Result "0-1"]
[BlackElo "2174"]
[WhiteElo "2436"]
[LiveChessVersion "1.4.8"]

1. d4 {[%clk 0:03:02]} Nf6 {[%clk 0:03:03]} 2. Bf4 {[%clk 0:03:02]} g6
{[%clk 0:03:01]} 3. Nc3 {[%clk 0:03:01]} d5 {[%clk 0:02:58]} 4. e3
{[%clk 0:03:01]} Bg7 {[%clk 0:02:58]} 5. h4 {[%clk 0:02:58]} h5 {[%clk 0:02:57]}
6. Nb5 {[%clk 0:02:54]} Na6 {[%clk 0:02:57]} 7. Nf3 {[%clk 0:02:46]} O-O
{[%clk 0:02:51]} 8. Ne5 {[%clk 0:02:29]} c6 {[%clk 0:02:20]} 9. Nc3
{[%clk 0:02:30]} Nc7 {[%clk 0:02:17]} 10. Be2 {[%clk 0:02:30]} Ne6
{[%clk 0:01:52]} 11. Bh2 {[%clk 0:02:24]} c5 {[%clk 0:01:49]} 12. Qd2
{[%clk 0:01:48]} Bh6 {[%clk 0:01:30]} 13. Nf3 {[%clk 0:01:00]} Ne4
{[%clk 0:01:26]} 14. Nxe4 dxe4 {[%clk 0:01:27]} 15. Ng5 {[%clk 0:00:53]} Nxg5
{[%clk 0:01:20]} 16. hxg5 Bxg5 {[%clk 0:01:21]} 17. c3 {[%clk 0:00:18]} cxd4 18.
cxd4 {[%clk 0:00:19]} Be6 {[%clk 0:01:18]} 19. O-O {[%clk 0:00:13]} Qd5
{[%clk 0:01:13]} 20. Qb4 {[%clk 0:00:12]} Rfc8 {[%clk 0:01:10]} 21. Rac1
{[%clk 0:00:13]} a5 {[%clk 0:01:02]} 22. Qb6 {[%clk 0:00:13]} a4 {[%clk 0:00:57]}
23. a3 {[%clk 0:00:05]} h4 {[%clk 0:00:57]} 24. Rc3 {[%clk 0:00:06]} Rxc3
{[%clk 0:00:56]} 25. bxc3 {[%clk 0:00:07]} Qb3 {[%clk 0:00:55]} 26. Rb1
{[%clk 0:00:05]} Qxa3 {[%clk 0:00:53]} 27. Qxb7 Rf8 {[%clk 0:00:46]} 28. c4
{[%clk 0:00:07]} Qa2 {[%clk 0:00:45]} 29. Qb2 {[%clk 0:00:03]} Bxc4
{[%clk 0:00:45]} 30. Bxc4 {[%clk 0:00:03]} Qxc4 {[%clk 0:00:46]} 31. Ra1
{[%clk 0:00:04]} Ra8 {[%clk 0:00:40]} 32. Qb7 {[%clk 0:00:06]} Qa6
{[%clk 0:00:36]} 33. Qd5 {[%clk 0:00:07]} Bf6 {[%clk 0:00:34]} 34. Qxe4
{[%clk 0:00:04]} a3 {[%clk 0:00:35]} 35. Be5 {[%clk 0:00:05]} a2 {[%clk 0:00:33]}
36. d5 {[%clk 0:00:05]} Qb7 {[%clk 0:00:23]} 37. Bxf6 {[%clk 0:00:05]} exf6
{[%clk 0:00:25]} 38. Kh2 {[%clk 0:00:04]} f5 {[%clk 0:00:23]} 39. Qd4
{[%clk 0:00:05]} Qb3 {[%clk 0:00:15]} 40. d6 {[%clk 0:00:06]} Rd8
{[%clk 0:00:15]} 41. Qf6 {[%clk 0:00:06]} Qb8 {[%clk 0:00:17]} 42. Rxa2
{[%clk 0:00:06]} Rxd6 43. Qe5 {[%clk 0:00:07]} Qd8 {[%clk 0:00:17]} 44. Qf4
{[%clk 0:00:06]} Re6 {[%clk 0:00:16]} 45. Ra7 {[%clk 0:00:07]} Re4
{[%clk 0:00:16]} 46. Qc7 {[%clk 0:00:04]} Qxc7+ {[%clk 0:00:16]} 47. Rxc7
{[%clk 0:00:05]} Kg7 {[%clk 0:00:16]} 48. Rc2 {[%clk 0:00:05]} Ra4 49. Rb2 Kh6
{[%clk 0:00:17]} 50. Kh3 {[%clk 0:00:08]} Kg7 {[%clk 0:00:16]} 51. Rc2
{[%clk 0:00:09]} g5 {[%clk 0:00:16]} 52. Rc5 {[%clk 0:00:07]} Kg6
{[%clk 0:00:17]} 53. Rc6+ {[%clk 0:00:08]} f6 {[%clk 0:00:18]} 54. Rc2
{[%clk 0:00:10]} Ra3 55. Kh2 {[%clk 0:00:11]} g4 {[%clk 0:00:17]} 56. g3
{[%clk 0:00:07]} h3 {[%clk 0:00:15]} 57. Rd2 {[%clk 0:00:05]} Ra1
{[%clk 0:00:16]} 58. Rc2 {[%clk 0:00:05]} Rf1 {[%clk 0:00:14]} 59. Rd2
{[%clk 0:00:03]} Kf7 {[%clk 0:00:15]} 60. Ra2 {[%clk 0:00:04]} Ke6
{[%clk 0:00:16]} 61. Rc2 {[%clk 0:00:04]} Kd5 {[%clk 0:00:16]} 62. Ra2 Ke4
{[%clk 0:00:12]} 63. f4 0-1

[Event "Blitz Open"]
[Site "?"]
[Date "2018.08.03"]
[Round "7.12"]
[White "Dao, Thien Hai"]
[Black "Pourramezanali, Amirreza"]
[Result "0-1"]
[BlackElo "2449"]
[WhiteElo "2505"]
[LiveChessVersion "1.4.8"]

1. d4 d5 2. c4 c6 3. Nf3 Nf6 4. Nc3 {[%clk 0:03:04]} e6 5. e3 Nbd7 6. Qc2 Bd6
{[%clk 0:03:09]} 7. g4 {[%clk 0:03:04]} Nxg4 {[%clk 0:02:58]} 8. Rg1
{[%clk 0:03:05]} Qf6 {[%clk 0:02:57]} 9. Rxg4 Qxf3 10. Rxg7 {[%clk 0:03:06]} Nf6
{[%clk 0:02:54]} 11. h3 {[%clk 0:03:06]} Bd7 {[%clk 0:02:24]} 12. Qe2
{[%clk 0:03:05]} Qxe2+ {[%clk 0:02:22]} 13. Bxe2 {[%clk 0:02:56]} Ke7
{[%clk 0:02:08]} 14. f4 {[%clk 0:02:52]} Rag8 15. Rxg8 Rxg8 16. Kf2 Bb4
{[%clk 0:02:11]} 17. Bf3 {[%clk 0:02:26]} dxc4 {[%clk 0:02:10]} 18. e4
{[%clk 0:02:25]} b5 {[%clk 0:02:05]} 19. Be3 {[%clk 0:02:26]} Ba5
{[%clk 0:01:54]} 20. a3 {[%clk 0:02:24]} Bb6 {[%clk 0:01:52]} 21. Ne2
{[%clk 0:02:11]} a6 {[%clk 0:01:48]} 22. Nc3 {[%clk 0:02:03]} Bc8
{[%clk 0:01:46]} 23. Rd1 {[%clk 0:01:54]} Bb7 {[%clk 0:01:46]} 24. Ne2
{[%clk 0:01:46]} Rd8 {[%clk 0:01:44]} 25. Nc3 {[%clk 0:01:44]} Ba5
{[%clk 0:01:41]} 26. f5 {[%clk 0:01:43]} c5 {[%clk 0:01:22]} 27. e5
{[%clk 0:01:36]} Nd5 {[%clk 0:01:08]} 28. Nxd5+ {[%clk 0:01:36]} Rxd5
{[%clk 0:00:55]} 29. Bxd5 {[%clk 0:01:37]} Bxd5 {[%clk 0:00:53]} 30. dxc5
{[%clk 0:01:38]} Bc7 {[%clk 0:00:52]} 31. Bf4 {[%clk 0:01:35]} Kd7 32. fxe6+ fxe6
{[%clk 0:00:53]} 33. Rg1 Kc6 34. Rg7 Be4 35. Ke3 {[%clk 0:01:30]} Bf5
{[%clk 0:00:57]} 36. Kd4 {[%clk 0:01:29]} Ba5 {[%clk 0:00:49]} 37. Ra7
{[%clk 0:01:25]} Bc7 {[%clk 0:00:39]} 38. Bg5 {[%clk 0:01:20]} Bxh3 39. Be7 Bf5
40. Bd6 {[%clk 0:01:22]} Bd8 {[%clk 0:00:31]} 41. Rxh7 Bxh7 {[%clk 0:00:29]} 42.
Kc3 {[%clk 0:01:23]} Ba5+ 43. Kd4 Be1 {[%clk 0:00:28]} 44. Be7 {[%clk 0:01:25]}
Bf2+ {[%clk 0:00:29]} 45. Kc3 {[%clk 0:01:27]} Bxc5 {[%clk 0:00:30]} 0-1

[Event "Blitz Open"]
[Site "?"]
[Date "2018.08.03"]
[Round "7.13"]
[White "Adhiban, B."]
[Black "Hossain, Enamul"]
[Result "0-1"]
[BlackElo "2358"]
[WhiteElo "2627"]
[LiveChessVersion "1.4.8"]

1. e4 {[%clk 0:03:03]} Nf6 {[%clk 0:03:03]} 2. e5 {[%clk 0:03:03]} Nd5
{[%clk 0:03:04]} 3. d4 {[%clk 0:03:04]} d6 {[%clk 0:03:05]} 4. Nf3
{[%clk 0:03:05]} dxe5 5. Nxe5 {[%clk 0:03:06]} c6 {[%clk 0:03:08]} 6. Be2
{[%clk 0:03:06]} Bf5 {[%clk 0:03:08]} 7. O-O {[%clk 0:03:01]} Nd7
{[%clk 0:03:10]} 8. Bg4 {[%clk 0:03:01]} Bxg4 9. Qxg4 {[%clk 0:03:02]} g6
{[%clk 0:02:46]} 10. c4 {[%clk 0:02:25]} N5f6 {[%clk 0:02:46]} 11. Qf3
{[%clk 0:02:25]} Bg7 {[%clk 0:02:44]} 12. Nc3 {[%clk 0:02:26]} O-O
{[%clk 0:02:44]} 13. Re1 {[%clk 0:02:26]} Qb6 {[%clk 0:02:24]} 14. Bf4
{[%clk 0:01:49]} Rad8 {[%clk 0:02:13]} 15. c5 {[%clk 0:01:35]} Qa6
{[%clk 0:02:01]} 16. Rad1 {[%clk 0:01:32]} Nxe5 17. Bxe5 {[%clk 0:01:32]} Rd7
{[%clk 0:01:19]} 18. h3 {[%clk 0:01:30]} Rfd8 {[%clk 0:01:06]} 19. g4
{[%clk 0:01:13]} Ne8 {[%clk 0:01:07]} 20. Bxg7 Nxg7 {[%clk 0:01:08]} 21. d5
{[%clk 0:01:03]} cxd5 22. Nxd5 {[%clk 0:01:04]} Kf8 {[%clk 0:00:28]} 23. Nc3
{[%clk 0:00:32]} Ne6 {[%clk 0:00:20]} 24. Rxd7 {[%clk 0:00:31]} Rxd7
{[%clk 0:00:21]} 25. Kg2 {[%clk 0:00:15]} Qc4 {[%clk 0:00:22]} 26. Ne4
{[%clk 0:00:14]} Rd3 {[%clk 0:00:19]} 27. Re3 Rxe3 {[%clk 0:00:15]} 28. Qxe3
{[%clk 0:00:17]} Qd5 {[%clk 0:00:13]} 29. f3 {[%clk 0:00:17]} Qxa2
{[%clk 0:00:14]} 30. Qc3 {[%clk 0:00:18]} Kg8 {[%clk 0:00:13]} 31. Kg3
{[%clk 0:00:16]} Qd5 {[%clk 0:00:13]} 32. b4 {[%clk 0:00:17]} a6 {[%clk 0:00:14]}
33. h4 {[%clk 0:00:17]} Nd4 {[%clk 0:00:14]} 34. Qe3 {[%clk 0:00:17]} Qe5+
{[%clk 0:00:13]} 35. Kg2 {[%clk 0:00:18]} Ne6 {[%clk 0:00:13]} 36. Qd2
{[%clk 0:00:18]} Qd4 {[%clk 0:00:13]} 37. Qxd4 Nxd4 {[%clk 0:00:14]} 38. Nf2
{[%clk 0:00:13]} Nc2 {[%clk 0:00:15]} 39. Nd3 {[%clk 0:00:14]} f6
{[%clk 0:00:14]} 40. f4 {[%clk 0:00:15]} Kf7 {[%clk 0:00:15]} 41. Kf3
{[%clk 0:00:14]} f5 {[%clk 0:00:16]} 42. g5 {[%clk 0:00:14]} Ke6 {[%clk 0:00:17]}
43. Kg3 {[%clk 0:00:13]} Kd5 {[%clk 0:00:18]} 44. h5 {[%clk 0:00:14]} Ke4
{[%clk 0:00:16]} 45. hxg6 {[%clk 0:00:15]} hxg6 {[%clk 0:00:17]} 46. Ne5
{[%clk 0:00:16]} Nxb4 {[%clk 0:00:17]} 47. Nxg6 {[%clk 0:00:17]} Nd5
{[%clk 0:00:18]} 48. c6 {[%clk 0:00:05]} bxc6 {[%clk 0:00:19]} 49. Ne5
{[%clk 0:00:06]} Nxf4 {[%clk 0:00:20]} 50. Nxc6 Ng6 {[%clk 0:00:19]} 51. Na5
{[%clk 0:00:08]} e5 {[%clk 0:00:19]} 52. Nc4 {[%clk 0:00:09]} f4+
{[%clk 0:00:20]} 53. Kg4 {[%clk 0:00:11]} Kd3 {[%clk 0:00:18]} 54. Nd6
{[%clk 0:00:10]} a5 {[%clk 0:00:18]} 55. Kf5 {[%clk 0:00:10]} Nh4+
{[%clk 0:00:18]} 56. Kxe5 {[%clk 0:00:11]} f3 {[%clk 0:00:19]} 57. Ne4
{[%clk 0:00:11]} Ke3 {[%clk 0:00:20]} 58. Ng3 {[%clk 0:00:06]} a4
{[%clk 0:00:21]} 59. Nf1+ {[%clk 0:00:03]} Kf2 {[%clk 0:00:22]} 60. Nd2
{[%clk 0:00:05]} Ke2 {[%clk 0:00:23]} 61. Nc4 {[%clk 0:00:04]} f2
{[%clk 0:00:23]} 0-1

[Event "Blitz Open"]
[Site "?"]
[Date "2018.08.03"]
[Round "7.14"]
[White "Islam, Kh. Aminul"]
[Black "Sasikiran, Krishnan"]
[Result "0-1"]
[BlackElo "2608"]
[WhiteElo "2352"]
[LiveChessVersion "1.4.8"]

1. d4 {[%clk 0:03:02]} Nf6 {[%clk 0:03:03]} 2. Bf4 {[%clk 0:02:56]} d5
{[%clk 0:03:01]} 3. e3 {[%clk 0:02:55]} c5 {[%clk 0:03:02]} 4. Nc3
{[%clk 0:02:46]} a6 {[%clk 0:02:34]} 5. Nf3 {[%clk 0:02:39]} Nc6 {[%clk 0:02:32]}
6. Be2 {[%clk 0:02:36]} Bf5 {[%clk 0:02:25]} 7. O-O {[%clk 0:02:33]} e6
{[%clk 0:02:25]} 8. h3 {[%clk 0:02:28]} Bd6 {[%clk 0:02:23]} 9. dxc5
{[%clk 0:02:19]} Bxc5 {[%clk 0:02:20]} 10. Bd3 {[%clk 0:02:14]} Bg6
{[%clk 0:02:17]} 11. Re1 {[%clk 0:02:08]} O-O {[%clk 0:02:05]} 12. Ne5
{[%clk 0:01:59]} Bd6 {[%clk 0:01:49]} 13. Nxg6 {[%clk 0:01:49]} hxg6
{[%clk 0:01:49]} 14. Bxd6 {[%clk 0:01:50]} Qxd6 {[%clk 0:01:49]} 15. e4
{[%clk 0:01:50]} d4 {[%clk 0:01:47]} 16. Ne2 {[%clk 0:01:48]} Rac8
{[%clk 0:01:41]} 17. a3 {[%clk 0:01:42]} Nh5 {[%clk 0:01:31]} 18. Qd2
{[%clk 0:01:42]} e5 {[%clk 0:01:29]} 19. Rad1 {[%clk 0:01:28]} Qf6
{[%clk 0:01:20]} 20. Bc4 {[%clk 0:01:23]} Rc7 {[%clk 0:01:10]} 21. Ba2
{[%clk 0:01:17]} g5 {[%clk 0:01:08]} 22. f3 {[%clk 0:01:05]} g6 {[%clk 0:01:05]}
23. Bd5 {[%clk 0:00:58]} Kg7 {[%clk 0:00:58]} 24. c4 {[%clk 0:00:50]} dxc3
{[%clk 0:00:55]} 25. bxc3 {[%clk 0:00:49]} Na5 {[%clk 0:00:49]} 26. Rb1
{[%clk 0:00:45]} Rfc8 {[%clk 0:00:44]} 27. Rec1 {[%clk 0:00:36]} b5
{[%clk 0:00:44]} 28. a4 {[%clk 0:00:34]} Nc4 {[%clk 0:00:39]} 29. Qd3
{[%clk 0:00:29]} bxa4 {[%clk 0:00:31]} 30. Rb4 {[%clk 0:00:28]} Nb6
{[%clk 0:00:27]} 31. Rcb1 {[%clk 0:00:25]} Nxd5 {[%clk 0:00:25]} 32. exd5
{[%clk 0:00:27]} a3 {[%clk 0:00:26]} 33. Ra4 {[%clk 0:00:25]} Nf4
{[%clk 0:00:22]} 34. Nxf4 {[%clk 0:00:25]} exf4 {[%clk 0:00:22]} 35. Rxa3
{[%clk 0:00:22]} Rxc3 {[%clk 0:00:23]} 36. Rxc3 {[%clk 0:00:14]} Rxc3
{[%clk 0:00:24]} 37. Qxa6 Qxa6 {[%clk 0:00:25]} 0-1

[Event "Blitz Open"]
[Site "?"]
[Date "2018.08.03"]
[Round "7.15"]
[White "Gupta, Abhijeet"]
[Black "Mohammad, Minhaz Uddin"]
[Result "1-0"]
[BlackElo "2380"]
[WhiteElo "2560"]
[LiveChessVersion "1.4.8"]

1. Nf3 {[%clk 0:03:03]} Nf6 {[%clk 0:03:03]} 2. c4 {[%clk 0:03:04]} e6
{[%clk 0:03:03]} 3. g3 {[%clk 0:03:05]} b6 {[%clk 0:03:02]} 4. Bg2
{[%clk 0:03:06]} Bb7 {[%clk 0:03:04]} 5. d4 {[%clk 0:03:05]} Bb4+
{[%clk 0:03:02]} 6. Nbd2 {[%clk 0:03:06]} O-O {[%clk 0:03:02]} 7. O-O
{[%clk 0:03:07]} Re8 {[%clk 0:03:01]} 8. b3 {[%clk 0:02:58]} d5 {[%clk 0:02:45]}
9. Bb2 Nbd7 {[%clk 0:02:16]} 10. Rc1 {[%clk 0:02:48]} Bf8 {[%clk 0:01:53]} 11.
Ne5 {[%clk 0:02:40]} Ne4 {[%clk 0:01:32]} 12. cxd5 {[%clk 0:02:35]} exd5
{[%clk 0:01:29]} 13. Nxe4 {[%clk 0:02:28]} dxe4 {[%clk 0:01:29]} 14. Qc2
{[%clk 0:02:29]} Bd6 {[%clk 0:01:10]} 15. Rfd1 {[%clk 0:01:40]} Nf6
{[%clk 0:01:11]} 16. Nc6 {[%clk 0:01:31]} Qd7 {[%clk 0:01:05]} 17. Ne5
{[%clk 0:01:32]} Qe6 {[%clk 0:00:47]} 18. e3 {[%clk 0:00:44]} Bd5
{[%clk 0:00:47]} 19. Qe2 {[%clk 0:00:41]} Qf5 {[%clk 0:00:46]} 20. Nc4
{[%clk 0:00:34]} h5 {[%clk 0:00:42]} 21. h3 {[%clk 0:00:30]} Bf8 {[%clk 0:00:35]}
22. Rc2 {[%clk 0:00:26]} c6 {[%clk 0:00:36]} 23. Rdc1 {[%clk 0:00:26]} Nd7
{[%clk 0:00:34]} 24. Ne5 {[%clk 0:00:25]} Nxe5 {[%clk 0:00:33]} 25. dxe5
{[%clk 0:00:26]} g6 {[%clk 0:00:28]} 26. Rxc6 {[%clk 0:00:18]} Bxc6
{[%clk 0:00:29]} 27. Rxc6 {[%clk 0:00:20]} Rac8 {[%clk 0:00:14]} 28. Rf6
{[%clk 0:00:19]} Qd7 {[%clk 0:00:09]} 29. Bxe4 {[%clk 0:00:15]} Bg7
{[%clk 0:00:11]} 30. Rd6 {[%clk 0:00:12]} Qc7 {[%clk 0:00:09]} 31. Rc6
{[%clk 0:00:09]} Qd7 32. Rxc8 {[%clk 0:00:09]} Rxc8 {[%clk 0:00:11]} 33. Kg2
{[%clk 0:00:10]} Re8 {[%clk 0:00:12]} 34. f4 {[%clk 0:00:10]} Rd8
{[%clk 0:00:12]} 35. Bd4 {[%clk 0:00:11]} Qc7 {[%clk 0:00:12]} 36. Bd3
{[%clk 0:00:11]} Qc6+ {[%clk 0:00:13]} 37. Qf3 {[%clk 0:00:13]} Qd7
{[%clk 0:00:13]} 38. Bc4 {[%clk 0:00:14]} Qe7 {[%clk 0:00:12]} 39. Qe2
{[%clk 0:00:15]} Qb7+ {[%clk 0:00:10]} 40. Qc2 {[%clk 0:00:16]} Kf8+
{[%clk 0:00:10]} 41. Kh2 {[%clk 0:00:16]} Qd7 {[%clk 0:00:11]} 42. Qe4
{[%clk 0:00:17]} Qe7 {[%clk 0:00:11]} 43. Kg2 {[%clk 0:00:18]} f5
{[%clk 0:00:10]} 44. Qf3 {[%clk 0:00:18]} Qd7 {[%clk 0:00:10]} 45. Qe2
{[%clk 0:00:17]} Qc6+ {[%clk 0:00:12]} 46. Qf3 {[%clk 0:00:18]} Qxf3+ 47. Kxf3
{[%clk 0:00:19]} Ke7 {[%clk 0:00:13]} 48. Ke2 {[%clk 0:00:17]} Bf8
{[%clk 0:00:13]} 49. Kf3 {[%clk 0:00:17]} Kd7 {[%clk 0:00:15]} 50. g4
{[%clk 0:00:18]} hxg4+ {[%clk 0:00:15]} 51. hxg4 {[%clk 0:00:20]} Bc5
{[%clk 0:00:17]} 52. Bxc5 {[%clk 0:00:19]} bxc5 {[%clk 0:00:18]} 53. gxf5
{[%clk 0:00:19]} gxf5 {[%clk 0:00:19]} 54. e4 {[%clk 0:00:19]} fxe4+ 55. Kxe4
{[%clk 0:00:20]} Ke7 {[%clk 0:00:19]} 56. Bd5 {[%clk 0:00:20]} Rh8
{[%clk 0:00:18]} 57. Bc4 {[%clk 0:00:16]} Rd8 {[%clk 0:00:19]} 58. Bd5
{[%clk 0:00:16]} Rh8 {[%clk 0:00:21]} 59. f5 {[%clk 0:00:14]} Rh4+ 60. Ke3 Rd4
{[%clk 0:00:21]} 61. f6+ {[%clk 0:00:14]} Kd7 {[%clk 0:00:13]} 62. e6+
{[%clk 0:00:12]} 1-0

[Event "Blitz Open"]
[Site "?"]
[Date "2018.08.03"]
[Round "7.16"]
[White "Mohammad Fahad, Rahman"]
[Black "Sethuraman, S.P."]
[Result "0-1"]
[BlackElo "2489"]
[WhiteElo "2210"]
[LiveChessVersion "1.4.8"]

1. e4 {[%clk 0:03:03]} g6 {[%clk 0:03:03]} 2. d4 {[%clk 0:03:04]} Bg7
{[%clk 0:03:05]} 3. Nf3 {[%clk 0:03:05]} a6 {[%clk 0:03:05]} 4. Nc3
{[%clk 0:03:06]} d6 {[%clk 0:03:06]} 5. a4 {[%clk 0:03:06]} Nf6 {[%clk 0:03:07]}
6. Bd3 {[%clk 0:03:07]} O-O 7. O-O {[%clk 0:03:08]} Bg4 {[%clk 0:03:04]} 8. h3
{[%clk 0:03:10]} Bxf3 {[%clk 0:03:04]} 9. Qxf3 {[%clk 0:03:11]} Nc6
{[%clk 0:03:05]} 10. Be3 {[%clk 0:02:58]} e5 {[%clk 0:03:07]} 11. d5
{[%clk 0:02:57]} Ne7 {[%clk 0:03:02]} 12. Qe2 {[%clk 0:02:54]} Nh5
{[%clk 0:03:00]} 13. g4 {[%clk 0:02:48]} Nf4 {[%clk 0:03:00]} 14. Bxf4
{[%clk 0:02:49]} exf4 {[%clk 0:03:01]} 15. Qf3 {[%clk 0:02:43]} g5
{[%clk 0:03:01]} 16. Ne2 {[%clk 0:02:39]} Ng6 {[%clk 0:03:02]} 17. Nc3
{[%clk 0:01:58]} Re8 {[%clk 0:02:42]} 18. Qe2 {[%clk 0:01:50]} Bxc3
{[%clk 0:02:27]} 19. bxc3 {[%clk 0:01:51]} Qf6 {[%clk 0:02:27]} 20. Qd2
{[%clk 0:01:20]} f3 {[%clk 0:02:24]} 21. Rfe1 {[%clk 0:01:13]} Re7
{[%clk 0:02:15]} 22. Rab1 {[%clk 0:01:08]} b6 {[%clk 0:02:11]} 23. Re3
{[%clk 0:00:54]} Rae8 {[%clk 0:01:57]} 24. Qd1 {[%clk 0:00:54]} Ne5
{[%clk 0:01:45]} 25. Bxa6 {[%clk 0:00:54]} Ra8 {[%clk 0:01:44]} 26. Bb5 Kg7
{[%clk 0:01:39]} 27. Rb3 {[%clk 0:00:23]} h5 {[%clk 0:01:39]} 28. gxh5
{[%clk 0:00:20]} Rh8 {[%clk 0:01:38]} 29. c4 {[%clk 0:00:19]} Rxh5
{[%clk 0:01:37]} 30. Rxf3 {[%clk 0:00:21]} Nxf3+ {[%clk 0:01:38]} 31. Rxf3
{[%clk 0:00:22]} Qg6 {[%clk 0:01:26]} 32. c5 {[%clk 0:00:18]} dxc5
{[%clk 0:01:12]} 33. Bd3 {[%clk 0:00:19]} c4 {[%clk 0:01:06]} 34. Bxc4
{[%clk 0:00:18]} g4 {[%clk 0:00:49]} 35. Rg3 {[%clk 0:00:19]} Rh4
{[%clk 0:00:33]} 36. Qd4+ {[%clk 0:00:09]} f6 {[%clk 0:00:33]} 37. Bd3
{[%clk 0:00:10]} Rxh3 {[%clk 0:00:30]} 38. e5 Rxg3+ {[%clk 0:00:31]} 39. fxg3
{[%clk 0:00:09]} fxe5 {[%clk 0:00:29]} 40. Qb4 {[%clk 0:00:10]} Qg5
{[%clk 0:00:28]} 41. Qe4 {[%clk 0:00:07]} Kf8 {[%clk 0:00:22]} 42. d6
{[%clk 0:00:07]} cxd6 {[%clk 0:00:22]} 43. Qa8+ {[%clk 0:00:08]} Kg7
{[%clk 0:00:22]} 44. Qd8 {[%clk 0:00:06]} e4 {[%clk 0:00:21]} 45. Bc4
{[%clk 0:00:05]} e3 {[%clk 0:00:12]} 46. Qg8+ {[%clk 0:00:06]} Kf6 47. Qh8+
{[%clk 0:00:05]} Qg7 {[%clk 0:00:11]} 48. Qh4+ {[%clk 0:00:05]} Ke5
{[%clk 0:00:11]} 49. Qh5+ {[%clk 0:00:07]} Kd4 {[%clk 0:00:08]} 50. Qd5+
{[%clk 0:00:08]} Kc3 {[%clk 0:00:10]} 51. Qd3+ {[%clk 0:00:09]} Kb2
{[%clk 0:00:11]} 52. Qb3+ {[%clk 0:00:10]} Kc1 {[%clk 0:00:10]} 53. Qa3+
{[%clk 0:00:09]} Qb2 {[%clk 0:00:10]} 54. Qd3 {[%clk 0:00:09]} e2
{[%clk 0:00:09]} 0-1

[Event "Blitz Women"]
[Site "?"]
[Date "2018.08.03"]
[Round "1.1"]
[White "Harika, Dronavalli"]
[Black "Lei, Tingjie"]
[Result "1-0"]
[BlackElo "2468"]
[WhiteElo "2473"]
[LiveChessVersion "1.4.8"]

1. Nf3 {[%clk 0:03:03]} d5 {[%clk 0:03:01]} 2. b3 {[%clk 0:03:04]} Nf6
{[%clk 0:02:53]} 3. Bb2 {[%clk 0:03:06]} e6 {[%clk 0:02:52]} 4. g3
{[%clk 0:03:05]} b6 {[%clk 0:02:51]} 5. Bg2 {[%clk 0:03:06]} Bb7 {[%clk 0:02:52]}
6. O-O {[%clk 0:03:06]} Be7 {[%clk 0:02:53]} 7. c4 {[%clk 0:03:04]} dxc4
{[%clk 0:02:51]} 8. bxc4 {[%clk 0:03:05]} O-O {[%clk 0:02:48]} 9. e3
{[%clk 0:02:58]} c5 {[%clk 0:02:46]} 10. Qe2 {[%clk 0:02:54]} Nbd7
{[%clk 0:02:33]} 11. Nc3 {[%clk 0:02:47]} Rc8 {[%clk 0:02:31]} 12. Rac1
{[%clk 0:02:48]} Qc7 {[%clk 0:02:29]} 13. Ne1 {[%clk 0:02:38]} Rfd8
{[%clk 0:02:25]} 14. f4 {[%clk 0:02:32]} Qb8 {[%clk 0:01:50]} 15. g4
{[%clk 0:02:30]} Nf8 {[%clk 0:01:45]} 16. g5 {[%clk 0:02:23]} Ne8
{[%clk 0:01:43]} 17. Ne4 {[%clk 0:02:12]} Ng6 {[%clk 0:01:32]} 18. Ng3
{[%clk 0:01:51]} Nd6 {[%clk 0:01:23]} 19. Nf3 {[%clk 0:01:28]} Ne4
{[%clk 0:01:16]} 20. d3 {[%clk 0:01:17]} Nxg3 21. hxg3 {[%clk 0:01:18]} b5
{[%clk 0:00:44]} 22. cxb5 {[%clk 0:01:15]} Bxf3 {[%clk 0:00:44]} 23. Bxf3
{[%clk 0:01:11]} Qxb5 {[%clk 0:00:45]} 24. Be4 {[%clk 0:01:08]} Qa6
{[%clk 0:00:28]} 25. Ba1 {[%clk 0:01:08]} c4 {[%clk 0:00:16]} 26. dxc4
{[%clk 0:00:46]} Bc5 {[%clk 0:00:18]} 27. Rc2 {[%clk 0:00:35]} Qb6
{[%clk 0:00:17]} 28. Re1 {[%clk 0:00:36]} Rd6 {[%clk 0:00:13]} 29. Kg2
{[%clk 0:00:33]} Rcd8 {[%clk 0:00:15]} 30. Kf3 {[%clk 0:00:30]} Qc7
{[%clk 0:00:06]} 31. Rh1 {[%clk 0:00:26]} Nf8 {[%clk 0:00:05]} 32. Qh2
{[%clk 0:00:27]} f5 {[%clk 0:00:05]} 33. gxf6 {[%clk 0:00:27]} gxf6
{[%clk 0:00:06]} 34. Bxf6 {[%clk 0:00:27]} Re8 {[%clk 0:00:06]} 35. Be5
{[%clk 0:00:28]} Qf7 {[%clk 0:00:04]} 36. Qh6 {[%clk 0:00:23]} Ra6
{[%clk 0:00:03]} 37. Qg5+ {[%clk 0:00:23]} Ng6 {[%clk 0:00:04]} 38. Rxh7 Qxh7
{[%clk 0:00:05]} 39. Bxg6 {[%clk 0:00:18]} Qb7+ {[%clk 0:00:03]} 40. Be4+
{[%clk 0:00:18]} 1-0

[Event "Blitz Women"]
[Site "?"]
[Date "2018.08.03"]
[Round "1.2"]
[White "Wang, Jue"]
[Black "Vaishali, R"]
[Result "0-1"]
[BlackElo "2296"]
[WhiteElo "2373"]
[LiveChessVersion "1.4.8"]

1. e4 {[%clk 0:03:02]} e5 {[%clk 0:03:03]} 2. Nf3 {[%clk 0:03:02]} Nc6
{[%clk 0:03:04]} 3. Bc4 {[%clk 0:03:02]} Nf6 {[%clk 0:03:04]} 4. d3
{[%clk 0:03:03]} h6 {[%clk 0:03:04]} 5. O-O {[%clk 0:03:03]} d6 {[%clk 0:03:02]}
6. c3 {[%clk 0:02:57]} g5 {[%clk 0:03:01]} 7. Re1 {[%clk 0:02:42]} Bg7
{[%clk 0:03:00]} 8. b4 {[%clk 0:02:32]} O-O {[%clk 0:02:54]} 9. a4
{[%clk 0:02:31]} Ne7 {[%clk 0:02:54]} 10. d4 {[%clk 0:02:29]} Ng6
{[%clk 0:02:54]} 11. dxe5 {[%clk 0:02:06]} dxe5 {[%clk 0:02:54]} 12. Qxd8
{[%clk 0:01:58]} Rxd8 {[%clk 0:02:54]} 13. h3 {[%clk 0:01:59]} a5
{[%clk 0:02:33]} 14. b5 {[%clk 0:01:58]} b6 {[%clk 0:02:30]} 15. Nbd2
{[%clk 0:01:46]} Bb7 {[%clk 0:02:29]} 16. Ba3 {[%clk 0:01:45]} Rd7
{[%clk 0:02:26]} 17. Bb3 {[%clk 0:01:34]} Bf8 {[%clk 0:02:14]} 18. Bxf8
{[%clk 0:01:31]} Kxf8 {[%clk 0:02:14]} 19. Nc4 {[%clk 0:01:28]} Nxe4
{[%clk 0:01:42]} 20. Ncxe5 {[%clk 0:01:13]} Nxe5 {[%clk 0:01:43]} 21. Nxe5
{[%clk 0:01:14]} Re7 {[%clk 0:01:34]} 22. Nc6 {[%clk 0:00:56]} Bxc6 23. bxc6
{[%clk 0:00:57]} Rd8 {[%clk 0:01:23]} 24. Rad1 {[%clk 0:00:55]} Rxd1
{[%clk 0:01:07]} 25. Rxd1 {[%clk 0:00:55]} Nxc3 {[%clk 0:01:05]} 26. Rd8+
{[%clk 0:00:47]} Kg7 {[%clk 0:01:06]} 27. Rd7 {[%clk 0:00:43]} Kf6
{[%clk 0:01:05]} 28. Rd3 {[%clk 0:00:44]} Ne4 {[%clk 0:00:56]} 29. Rf3+
{[%clk 0:00:43]} Kg7 {[%clk 0:00:55]} 30. Re3 {[%clk 0:00:43]} Kf8
{[%clk 0:00:56]} 31. Bc2 {[%clk 0:00:32]} Nc5 {[%clk 0:00:56]} 32. Rf3
{[%clk 0:00:32]} Re6 {[%clk 0:00:54]} 33. h4 {[%clk 0:00:33]} Rxc6
{[%clk 0:00:53]} 34. hxg5 hxg5 {[%clk 0:00:54]} 35. Rf5 {[%clk 0:00:33]} f6
{[%clk 0:00:54]} 36. Rd5 {[%clk 0:00:31]} Ke7 {[%clk 0:00:55]} 37. Bf5
{[%clk 0:00:32]} Rd6 {[%clk 0:00:56]} 38. Rxd6 {[%clk 0:00:31]} Kxd6
{[%clk 0:00:57]} 39. Bc2 {[%clk 0:00:31]} c6 {[%clk 0:00:55]} 40. Kf1
{[%clk 0:00:29]} Kd5 {[%clk 0:00:55]} 41. Ke2 {[%clk 0:00:30]} Kd4
{[%clk 0:00:54]} 42. Kf3 {[%clk 0:00:31]} b5 {[%clk 0:00:55]} 43. Kg4
{[%clk 0:00:31]} bxa4 {[%clk 0:00:55]} 44. Kf5 {[%clk 0:00:31]} a3
{[%clk 0:00:56]} 45. Bb1 {[%clk 0:00:32]} Kc3 {[%clk 0:00:53]} 46. Ba2
{[%clk 0:00:30]} Kb2 {[%clk 0:00:54]} 47. Bc4 {[%clk 0:00:31]} Nb3
{[%clk 0:00:55]} 48. Kxf6 {[%clk 0:00:30]} a2 {[%clk 0:00:56]} 49. Bxb3
{[%clk 0:00:23]} Kxb3 {[%clk 0:00:57]} 50. Kxg5 {[%clk 0:00:24]} a1=Q
{[%clk 0:00:57]} 51. g4 {[%clk 0:00:25]} Qe5+ {[%clk 0:00:57]} 52. Kg6
{[%clk 0:00:24]} Qf4 {[%clk 0:00:58]} 53. g5 {[%clk 0:00:26]} Qxf2
{[%clk 0:00:59]} 54. Kg7 {[%clk 0:00:27]} a4 {[%clk 0:01:00]} 55. g6
{[%clk 0:00:28]} a3 {[%clk 0:01:01]} 56. Kh7 {[%clk 0:00:30]} a2 {[%clk 0:01:02]}
57. g7 {[%clk 0:00:31]} Qf7 {[%clk 0:01:03]} 58. Kh8 {[%clk 0:00:32]} Qxg7+
{[%clk 0:01:04]} 0-1